| 000 | 01074nam a2200277 i 4500 | ||
|---|---|---|---|
| 001 | 152430 | ||
| 003 | ES-MaACL | ||
| 005 | 20231229062533.0 | ||
| 008 | 170706s1985 sp |||| | spa d | ||
| 020 | _a84-206-4127-8 | ||
| 080 | _a930.1 | ||
| 100 | 1 |
_aOrtega y Gasset, José, _d1883-1955 _987503 |
|
| 245 | 1 | 4 |
_aLas Atlántidas ; _by Del Imperio romano (y otros ensayos de historiología) / _cOrtega y Gasset. |
| 246 | 3 | _aDel Imperio romano | |
| 260 |
_aMadrid : _bRevista de Occidente en Alianza Editorial, _c[1985] |
||
| 300 |
_a220 p. ; _c18 cm. |
||
| 490 | 1 |
_aObras de José Ortega y Gasset ; _v27 |
|
| 598 | _aColección editada por Paulino Garagorri | ||
| 650 | 4 |
_aHistoria- _xFilosofía. _913380 |
|
| 651 | 4 |
_aRoma- _xHistoria- _y30 a.C.-284 d.C., Alto Imperio. _99318 |
|
| 700 | 1 |
_aGaragorri, Paulino, _d1916-2007 _953911 |
|
| 830 | 1 |
_aObras de José Ortega y Gasset ; _v27 _9181562 |
|
| 852 |
_aES-MaACL _jL-31825 |
||
| 852 |
_aES-MaACL _jL-32233 _z- Donat. herederos de la bibl. de Mª del Pilar Costa Palacín |
||
| 999 |
_c152430 _d152430 |
||